Welcome to the Holygrace Academy Library

Please use search bar below to get started

VOLGAR THE VIKING AND THE TERRIBLE TALEN SHOW (Record no. 6442)

MARC details
000 -LEADER
fixed length control field 00541nam a22001457a 4500
020 ## - INTERNATIONAL STANDARD BOOK NUMBER
ISBN 978-0-857693-062-9
082 ## - DEWEY DECIMAL CLASSIFICATION NUMBER
Classification number 823
Item number RED/V
100 ## - MAIN ENTRY--AUTHOR NAME
Personal name REDBEARD, ODIN
245 ## - TITLE STATEMENT
Title VOLGAR THE VIKING AND THE TERRIBLE TALEN SHOW
260 ## - PUBLICATION, DISTRIBUTION, ETC. (IMPRINT)
Place of publication UK
Name of publisher NOSY CROW LTD
Year of publication 2013
300 ## - PHYSICAL DESCRIPTION
Number of Pages 92
520 ## - SUMMARY, ETC.
Summary, etc From singing and dancing to doing things with pickled herring – the villagers of Blubber are gifted in many ways. And they've decided to have a talent contest to prove it. Vulgar knows it's his time to shine.
650 ## - SUBJECT ADDED ENTRY--TOPICAL TERM
Topical Term SHORT STORY
942 ## - ADDED ENTRY ELEMENTS (KOHA)
Koha item type Books
Holdings
Withdrawn status Lost status Collection code Home library Current library Shelving location Date acquired Source of acquisition Full call number Accession Number Koha item type
    Fiction Main Library Main Library SHELF 15-K-CHILDREN'S STORYBOOKS 04/11/2023 Purchase 823 RED/V 11879 Books